Water insecurity institution livelihood dynamics: (Record no. 167093)

000 -LEADER
fixed length control field 00439nam a22001577a 4500
082 ## - DEWEY DECIMAL CLASSIFICATION NUMBER
Classification number
Item number
100 ## - MAIN ENTRY--PERSONAL NAME
Personal name Nair K N
100 ## - MAIN ENTRY--PERSONAL NAME
Personal name Antony Paul and
100 ## - MAIN ENTRY--PERSONAL NAME
Personal name Vineetha Menon
245 ## - TITLE STATEMENT
Title Water insecurity institution livelihood dynamics:
Remainder of title a study in Plachimada Kerala, India/
Statement of responsibility, etc. by Nair K N , Antony Paul and Vineetha Menon.
260 ## - PUBLICATION, DISTRIBUTION, ETC.
Place of publication, distribution, etc.
Name of publisher, distributor, etc. Daanish
Date of publication, distribution, etc. 2008.
300 ## - PHYSICAL DESCRIPTION
Extent 130p.
Accompanying material 2008.
490 ## - SERIES STATEMENT
Series statement
650 ## - SUBJECT ADDED ENTRY--TOPICAL TERM
Topical term or geographic name entry element
942 ## - ADDED ENTRY ELEMENTS (KOHA)
Koha item type Book
Holdings
Withdrawn status Lost status Damaged status Not for loan Permanent Location Current Location Shelving location Date acquired Cost, normal purchase price Total Checkouts Barcode Date last seen Price effective from Koha item type
        RC Thiruvananthapuram RC Thiruvananthapuram   14.11.2018 500.00   TV002796 14.11.2018 14.11.2018 Book